[Event "India-China Summit Match"]
[Site "Hyderabad IND"]
[Date "2015.03.10"]
[EventDate "2015.02.28"]
[Round "8.1"]
[Result "1-0"]
[White "Wang Chen"]
[Black "Baskaran Adhiban"]
[WhiteElo "2500"]
[BlackElo "2646"]
[PlyCount "87"]

1. e4 c5 2. Nc3 a6 3. g3 b5 4. Bg2 Bb7 5. Nh3 e6 6. O-O Nf6
7. d3 b4 8. Na4 d5 9. Bg5 dxe4 10. Bxe4 Bxe4 11. dxe4 Qxd1
12. Raxd1 Nbd7 13. f3 c4 14. Kg2 Rc8 15. b3 Be7 16. Rf2 h6
17. Bxf6 Bxf6 18. Rd6 a5 19. Rfd2 Ne5 20. f4 Ng4 21. Re2 Bd8
22. Nf2 Nf6 23. Rd4 cxb3 24. cxb3 g5 25. f5 O-O 26. fxe6 fxe6
27. Rd6 Kf7 28. Ra6 h5 29. Ra7+ Kg6 30. Ra6 Re8 31. Nd3 Bc7
32. Nac5 Bb8 33. e5 Nd5 34. Nxe6 Kh7 35. Nxg5+ Kg7 36. Nf4
Nxf4+ 37. gxf4 Rc3 38. Rd2 Re7 39. Ne4 Rc1 40. Ng3 Kh7 41. Nf5
Rf7 42. Rh6+ Kg8 43. Rd8+ Rf8 44. Rg6+ 1-0

[Event "Tradewise Gibraltar"]
[Site "Caleta ENG"]
[Date "2015.02.02"]
[EventDate "2015.01.27"]
[Round "7.3"]
[Result "0-1"]
[White "Baskaran Adhiban"]
[Black "Daniel Naroditsky"]
[WhiteElo "2630"]
[BlackElo "2622"]
[PlyCount "122"]

1. Nf3 d5 2. c4 d4 3. b4 Bg4 4. Ne5 Bf5 5. e3 Qd6 6. Nf3 e5
7. c5 Qd5 8. Bb5+ c6 9. Ba4 Bg4 10. Bb3 Bxf3 11. gxf3 Qd8
12. Na3 Na6 13. Nc4 Nxb4 14. Nxe5 Nh6 15. d3 Bxc5 16. e4 Qe7
17. f4 f6 18. Nf3 Nd5 19. Nh4 O-O-O 20. Kf1 f5 21. exd5 Qxh4
22. h3 Bb4 23. Bb2 c5 24. Rc1 Qxf4 25. a3 Bc3 26. Bxc3 dxc3
27. Rxc3 Qd4 28. Qc2 b6 29. Rg1 Kb8 30. a4 Nf7 31. a5 Nd6
32. axb6 axb6 33. Ba4 Qxd5 34. Qb2 Nc8 35. Rb3 g6 36. Rg3 f4
37. Rg5 Qd6 38. Rb5 Rhe8 39. Rgxc5 f3 40. Rc1 Re2 41. Qb4 Qxb4
42. Rxb4 Rxd3 43. Rf4 Re5 44. Rf8 Rc5 45. Rxc5 bxc5 46. Ke1
Rd4 47. Bd1 Kc7 48. Bxf3 Nb6 49. Ke2 Nd7 50. Rf7 c4 51. Bg4
Kc6 52. Rxh7 Nc5 53. Rg7 Rd6 54. Ra7 c3 55. Ra3 Rd2+ 56. Ke3
Rd3+ 57. Ke2 c2 58. Ra1 Rc3 59. Kd2 Rc4 60. Be6 Nb3+ 61. Kd3
Nxa1 0-1

[Event "India-China Summit Match"]
[Site "Hyderabad IND"]
[Date "2015.03.07"]
[EventDate "2015.03.02"]
[Round "5.1"]
[Result "1-0"]
[White "Zhou Jianchao"]
[Black "Baskaran Adhiban"]
[WhiteElo "2578"]
[BlackElo "2646"]
[PlyCount "129"]

1. d4 d5 2. c4 e6 3. Nf3 Nf6 4. e3 c5 5. cxd5 exd5 6. Bb5+ Nc6
7. O-O Bd6 8. dxc5 Bxc5 9. b3 O-O 10. Bb2 Bg4 11. Bxc6 bxc6
12. Nbd2 Bd6 13. Qc2 c5 14. Qd3 Be7 15. Ne5 Rc8 16. Nxg4 Nxg4
17. h3 Bf6 18. hxg4 Bxb2 19. Rad1 g6 20. Nf3 c4 21. Qc2 Bg7
22. e4 Qd7 23. bxc4 Qxg4 24. Rxd5 Rfe8 25. Re1 h5 26. c5 h4
27. Rg5 Qf4 28. Qd3 Bf8 29. Qd7 h3 30. Qxh3 Rxc5 31. Rg4 Qc7
32. e5 Bg7 33. Rge4 Bxe5 34. Qh6 Re7 35. Qe3 f6 36. Qh6 Rg7
37. Nxe5 Rxe5 38. Rxe5 fxe5 39. Qg5 Qd6 40. Qxe5 Rd7 41. g3
Qxe5 42. Rxe5 Rd6 43. a4 Kf7 44. Ra5 a6 45. Kg2 Kf6 46. Kf3
Re6 47. Kg4 Rc6 48. f4 Rb6 49. Rc5 Re6 50. a5 Rd6 51. Rc7 Ke6
52. Kg5 Kd5 53. Re7 Kd4 54. g4 Rc6 55. Re1 Kd3 56. Re8 Kd4
57. Rg8 Ke4 58. Rxg6 Rc5+ 59. f5 Rxa5 60. Rb6 Ke5 61. Kg6 Kf4
62. Rb4+ Ke5 63. f6 Rc5 64. f7 Rc8 65. Kg7 1-0

[Event "India-China Summit Match"]
[Site "Hyderabad IND"]
[Date "2015.03.08"]
[EventDate "2015.03.02"]
[Round "6.4"]
[Result "0-1"]
[White "Baskaran Adhiban"]
[Black "Zhou Jianchao"]
[WhiteElo "2646"]
[BlackElo "2578"]
[PlyCount "76"]

1. e4 c5 2. Nf3 d6 3. d4 cxd4 4. Nxd4 Nf6 5. Nc3 a6 6. Bg5
Nbd7 7. Bc4 Qb6 8. O-O Qxb2 9. Nd5 Nxd5 10. Rb1 Qc3 11. Bxd5
Qc7 12. Re1 e6 13. f4 Nf6 14. Bxf6 gxf6 15. Bb3 h5 16. Kh1 h4
17. h3 Bd7 18. f5 e5 19. Ne2 Rc8 20. Bd5 b5 21. c4 Bh6 22. Nc3
Bg5 23. a4 Qa5 24. Bb7 Rxc4 25. Nd5 Rd4 26. Qf3 Rxa4 27. Bxa6
Kf8 28. Bb7 Qa7 29. Nc3 Ra3 30. Qd1 Rxc3 31. Qxd6+ Ke8
32. Rxb5 Bxb5 33. Rd1 Bd7 34. Qxd7+ Kf8 35. Qd6+ Kg7 36. Bd5
Rhc8 37. Kh2 Bf4+ 38. Kh1 Rc1 0-1

[Event "India-China Summit Match"]
[Site "Hyderabad IND"]
[Date "2015.03.09"]
[EventDate "2015.03.02"]
[Round "7.3"]
[Result "1/2-1/2"]
[White "Baskaran Adhiban"]
[Black "Wang Chen"]
[WhiteElo "2646"]
[BlackElo "2500"]
[PlyCount "176"]

1. e4 c5 2. Nf3 e6 3. d4 cxd4 4. Nxd4 Nc6 5. Nc3 Qc7 6. Be3 a6
7. Qf3 Bd6 8. O-O-O Be5 9. g3 Nge7 10. Qe2 O-O 11. f4 Nxd4
12. Bxd4 Bxd4 13. Rxd4 e5 14. Rc4 Qd8 15. fxe5 Nc6 16. Rc5
Qg5+ 17. Qd2 Qxd2+ 18. Kxd2 b6 19. Rd5 Re8 20. Rd6 Rb8 21. Bc4
Nxe5 22. Bb3 b5 23. a4 b4 24. Ne2 Bb7 25. Rf1 a5 26. Rf4 g5
27. Rf5 Bxe4 28. Rxg5+ Bg6 29. Nd4 Kh8 30. h4 h6 31. Rh5 Kh7
32. Nf5 Ng4 33. Rxh6+ Nxh6 34. Nxh6 Kxh6 35. Bxf7 Re6 36. Bxe6
dxe6 37. Rxe6 Rd8+ 38. Kc1 Rc8 39. c3 bxc3 40. bxc3 Rxc3+
41. Kb2 Rc4 42. h5 Kxh5 43. Re5+ Kg4 44. Rxa5 Bc2 45. Ka3 Kf3
46. g4 Rxg4 47. Re5 Rxa4+ 48. Kb2 Be4 49. Kb3 Ra8 50. Kc4 Ke3
51. Re6 Rc8+ 52. Kb4 Kd4 53. Rd6+ Bd5 54. Rb6 Rc1 55. Ka5 Bc6
56. Rb4+ Kc5 57. Rb5+ Kd6 58. Rb2 Rc4 59. Kb6 Bd5 60. Ka5 Rh4
61. Rb4 Rh8 62. Kb6 Rc8 63. Ka5 Rc5+ 64. Kb6 Bc4 65. Rb2 Bd3
66. Rb3 Bc4 67. Rb2 Rc6+ 68. Ka5 Kc5 69. Rb5+ Kd4 70. Rb6 Rc8
71. Kb4 Ra8 72. Rb7 Ra1 73. Rb6 Bd5 74. Rb5 Bc6 75. Rb6 Rc1
76. Ka5 Rc5+ 77. Kb4 Rc4+ 78. Ka3 Kc5 79. Rb2 Rc1 80. Rh2 Be4
81. Kb2 Rg1 82. Kc3 Rg3+ 83. Kd2 Kd4 84. Rf2 Rd3+ 85. Ke1 Ra3
86. Kd2 Bf3 87. Ke1 Ke3 88. Re2+ Bxe2 1/2-1/2

[Event "Aeroflot Open"]
[Site "Moscow RUS"]
[Date "2015.03.27"]
[EventDate "2015.03.27"]
[Round "1.18"]
[Result "0-1"]
[White "Alexandr Predke"]
[Black "Baskaran Adhiban"]
[WhiteElo "2530"]
[BlackElo "2646"]
[PlyCount "86"]

1. d4 Nf6 2. c4 g6 3. Nc3 Bg7 4. e4 d6 5. Nf3 O-O 6. Be2 e5
7. O-O Nc6 8. d5 Ne7 9. b4 Nh5 10. g3 a5 11. Ba3 f5 12. c5 Nf6
13. Ng5 fxe4 14. cxd6 cxd6 15. Ncxe4 Nxe4 16. Nxe4 axb4
17. Bxb4 Nf5 18. Bf3 Ra6 19. Bg2 Nd4 20. a4 Bf5 21. Bc3 Qd7
22. a5 Bg4 23. f3 Bf5 24. Rf2 Qf7 25. f4 Nb5 26. Bb2 exf4
27. Qb3 Nd4 28. Qb4 f3 29. Bxd4 Bxe4 30. Bxg7 Qxg7 31. Raf1
Bd3 32. Rxf3 Bxf1 33. Rxf8+ Qxf8 34. Bxf1 Ra8 35. Bh3 h5
36. Be6+ Kh8 37. h4 Qe7 38. Qd2 Kh7 39. g4 Qxh4 40. Qf4 Qe1+
41. Kg2 Qe2+ 42. Kh3 hxg4+ 43. Kh4 Qe5 0-1

[Event "Aeroflot Open"]
[Site "Moscow RUS"]
[Date "2015.03.28"]
[EventDate "2015.03.27"]
[Round "2.10"]
[Result "1/2-1/2"]
[White "Baskaran Adhiban"]
[Black "Dmitry Svetushkin"]
[WhiteElo "2646"]
[BlackElo "2592"]
[PlyCount "164"]

1. e4 e5 2. Nf3 Nc6 3. Bb5 a6 4. Ba4 Nf6 5. O-O Be7 6. Re1 b5
7. Bb3 d6 8. c3 O-O 9. h3 Na5 10. Bc2 c5 11. d4 Nd7 12. Nbd2
exd4 13. cxd4 Nc6 14. d5 Nce5 15. a4 Bb7 16. Nxe5 Nxe5 17. f4
Ng6 18. Nf3 Re8 19. g3 Bf6 20. Kg2 Qd7 21. Ra2 b4 22. b3 Bc3
23. Bd2 Bxd2 24. Nxd2 Re7 25. Nc4 Rae8 26. Bb1 f5 27. Rae2
fxe4 28. Re3 Nh8 29. Bxe4 g6 30. f5 Rf8 31. g4 Rg7 32. Rf1 Qd8
33. Kh2 Bc8 34. Qd3 a5 35. Ref3 Rgf7 36. fxg6 hxg6 37. Rxf7
Rxf7 38. Rxf7 Nxf7 39. Bxg6 Qf6 40. Bxf7+ Kxf7 41. Qg3 Ke7
42. Qe3+ Kd7 43. g5 Qf5 44. Nb6+ Kc7 45. Nxc8 Qc2+ 46. Kg3
Kxc8 47. Kh4 Kd8 48. Qf4 Ke8 49. Qxd6 Qe4+ 50. Kh5 Qh7+
51. Kg4 Qe4+ 52. Kg3 Qe3+ 53. Kh4 Qe4+ 54. Kg3 Qe3+ 55. Kg4
Qe4+ 56. Qf4 Qxd5 57. Qe3+ Kf7 58. h4 Qe6+ 59. Kf4 Qd6+
60. Kf3 Qd5+ 61. Ke2 Qg2+ 62. Kd3 Qd5+ 63. Kc2 Qg2+ 64. Qd2
Qe4+ 65. Qd3 Qg2+ 66. Kc1 Qh1+ 67. Kb2 Qxh4 68. Qf5+ Kg7
69. Qxc5 Qh2+ 70. Kc1 Qf4+ 71. Kc2 Kg6 72. Qb6+ Kh5 73. g6
Qe4+ 74. Kd2 Kh6 75. Qd6 Qxg6 76. Qh2+ Kg7 77. Qc7+ Qf7
78. Qxf7+ Kxf7 79. Kd3 Ke6 80. Ke4 Kd6 81. Kd4 Ke6 82. Ke4 Kd6
1/2-1/2

[Event "Aeroflot Open"]
[Site "Moscow RUS"]
[Date "2015.03.30"]
[EventDate "2015.03.27"]
[Round "4.12"]
[Result "0-1"]
[White "Mishra Swayams"]
[Black "Baskaran Adhiban"]
[WhiteElo "2440"]
[BlackElo "2646"]
[PlyCount "106"]

1. d4 d5 2. c4 e6 3. Nf3 Nf6 4. Bg5 h6 5. Bxf6 Qxf6 6. Nc3 c6
7. e3 g6 8. Bd3 Bg7 9. O-O O-O 10. Ne5 dxc4 11. Bxc4 c5
12. Qb3 cxd4 13. exd4 Nd7 14. Nxd7 Bxd7 15. d5 b5 16. Bxb5
Rab8 17. Bxd7 Rxb3 18. axb3 exd5 19. Nxd5 Qxb2 20. Rxa7 Bd4
21. Rc7 Qxb3 22. Ne3 Bxe3 23. fxe3 Qxe3+ 24. Kh1 Rb8 25. Rcc1
h5 26. Bc6 Rb2 27. Bd5 Rf2 28. g3 Kg7 29. Rxf2 Qxf2 30. Bg2 f5
31. Rf1 Qe3 32. Rf3 Qe1+ 33. Rf1 Qe5 34. Rf3 g5 35. h3 Kg6
36. Kg1 h4 37. gxh4 Qd4+ 38. Kh2 Qxh4 39. Kg1 Qd4+ 40. Kh1
Qa1+ 41. Rf1 Qh8 42. Kg1 Qd4+ 43. Kh1 Qd3 44. Rf3 Qc2 45. Rf1
Kh5 46. Kg1 Kh4 47. Kh2 g4 48. hxg4 fxg4 49. Rf7 Qb1 50. Bd5
g3+ 51. Kg2 Qc2+ 52. Kf3 Qf2+ 53. Ke4 Qxf7 0-1

[Event "Aeroflot Open"]
[Site "Moscow RUS"]
[Date "2015.03.31"]
[EventDate "2015.03.27"]
[Round "5.6"]
[Result "1/2-1/2"]
[White "Baskaran Adhiban"]
[Black "Lu Shanglei"]
[WhiteElo "2646"]
[BlackElo "2570"]
[PlyCount "65"]

1. d4 d5 2. c4 c6 3. Nf3 Nf6 4. Nc3 e6 5. Bg5 dxc4 6. e4 b5
7. e5 h6 8. Bh4 g5 9. Nxg5 hxg5 10. Bxg5 Be7 11. exf6 Bxf6
12. Bxf6 Qxf6 13. g3 Na6 14. Bg2 Bb7 15. Ne4 Qe7 16. O-O f5
17. Nc5 Nxc5 18. dxc5 Qxc5 19. Re1 Kf7 20. a4 a6 21. Qe2 Rae8
22. axb5 axb5 23. Rad1 Re7 24. Rd7 e5 25. Qd2 Bc8 26. Rxe7+
Kxe7 27. Qg5+ Kf7 28. Bf3 Qe7 29. Bh5+ Kf8 30. Qg6 Qe6 31. Qg5
Qe7 32. Qg6 Qe6 33. Qg5 1/2-1/2

[Event "Aeroflot Open"]
[Site "Moscow RUS"]
[Date "2015.04.02"]
[EventDate "2015.03.27"]
[Round "7.2"]
[Result "0-1"]
[White "Baskaran Adhiban"]
[Black "Ivan Bukavshin"]
[WhiteElo "2646"]
[BlackElo "2618"]
[PlyCount "90"]

1. d4 d5 2. c4 e6 3. Nc3 c6 4. e4 dxe4 5. Nxe4 Bb4+ 6. Bd2
Qxd4 7. Bxb4 Qxe4+ 8. Be2 a5 9. Bc3 Ne7 10. Nf3 O-O 11. O-O f6
12. Re1 Qf4 13. Bd3 c5 14. Qc2 h6 15. Re3 Nf5 16. Bxf5 Qxf5
17. Qd1 e5 18. Qd5+ Qe6 19. Qxc5 b6 20. Qd5 Qxd5 21. cxd5 Rd8
22. Rd1 Ra7 23. Nxe5 fxe5 24. Bxe5 Nc6 25. f4 Nxe5 26. fxe5
Be6 27. d6 Rc8 28. h4 Rf7 29. Rd2 Rf4 30. Rc3 Rxc3 31. bxc3
Rf8 32. a4 Rb8 33. Kf2 Kf7 34. Ke3 Ke8 35. Kd4 Rc8 36. Rb2
Rc4+ 37. Kd3 Rc6 38. g4 Bxg4 39. Rg2 h5 40. Kd4 Kd7 41. Rg1 g6
42. Rg2 Bf5 43. Rg1 Rc5 44. Rg2 Ke6 45. Re2 Rd5+ 0-1

[Event "Aeroflot Open"]
[Site "Moscow RUS"]
[Date "2015.04.03"]
[EventDate "2015.03.27"]
[Round "8.6"]
[Result "1/2-1/2"]
[White "Rauf Mamedov"]
[Black "Baskaran Adhiban"]
[WhiteElo "2658"]
[BlackElo "2646"]
[PlyCount "38"]

1. c4 e5 2. Nc3 Bb4 3. Nd5 Na6 4. a3 Ba5 5. b4 c6 6. Nc3 Bc7
7. d3 d5 8. cxd5 cxd5 9. g3 Ne7 10. Bg2 O-O 11. Nf3 f6 12. O-O
Be6 13. Nd2 Rc8 14. Bb2 Bb8 15. Rc1 Qd7 16. Qa4 Qxa4 17. Nxa4
b6 18. e3 g5 19. Nc3 Rcd8 1/2-1/2

[Event "Aeroflot Open"]
[Site "Moscow RUS"]
[Date "2015.04.04"]
[EventDate "2015.03.27"]
[Round "9.8"]
[Result "1/2-1/2"]
[White "Baskaran Adhiban"]
[Black "Vadim Zvjaginsev"]
[WhiteElo "2646"]
[BlackElo "2658"]
[PlyCount "34"]

1. d4 Nf6 2. c4 e6 3. Nf3 d5 4. Nc3 Nbd7 5. Bf4 dxc4 6. e3 Nb6
7. Bxc4 Nxc4 8. Qa4+ c6 9. Qxc4 Nd5 10. Bg3 Qb6 11. Qe2 Nxc3
12. bxc3 Qb5 13. c4 Qa5+ 14. Kf1 Be7 15. h4 O-O 16. h5 f6
17. Kg1 b6 1/2-1/2

[Event "Nakhchivan Open"]
[Site "Nakhchivan AZE"]
[Date "2015.05.02"]
[EventDate "?"]
[Round "1"]
[Result "1/2-1/2"]
[White "Ismayil Bahram Shahaliyev"]
[Black "Baskaran Adhiban"]
[WhiteElo "2372"]
[BlackElo "2636"]
[PlyCount "120"]

1. Nf3 d5 2. c4 d4 3. e3 Nc6 4. d3 e5 5. exd4 exd4 6. Be2 Bb4+
7. Bd2 a5 8. O-O Nf6 9. Na3 Bxa3 10. bxa3 O-O 11. Re1 Re8
12. Rb1 b6 13. h3 h6 14. Bf4 Nd7 15. Bf1 Rxe1 16. Qxe1 Nc5
17. Ne5 Ne7 18. Qe2 f6 19. Nf3 Ng6 20. Bh2 Bf5 21. Qd2 Qd7
22. Re1 Nf8 23. Nh4 Bh7 24. f4 Ng6 25. Nf3 Ne7 26. g4 Nc6
27. f5 Kf8 28. Bg3 Rc8 29. Qh2 Kg8 30. Bf4 Kh8 31. Qg3 Ne7
32. Qf2 Nc6 33. Qg3 Ne7 34. Kh2 Nc6 35. Nd2 Bg8 36. h4 Ne7
37. Bh3 b5 38. Nb3 Nxb3 39. axb3 a4 40. g5 Nxf5 41. gxf6 gxf6
42. Bxf5 Qxf5 43. Re7 Bf7 44. Rxf7 Rg8 45. Qf2 Qg6 46. Rxc7
axb3 47. Rb7 Qxd3 48. Rxb5 Re8 49. Rb8 Rxb8 50. Bxb8 Kg7
51. Bf4 Qxc4 52. Qg2+ Kf7 53. Qb7+ Ke8 54. Qb8+ Kf7 55. Qb7+
Ke8 56. Qb8+ Kf7 57. Qb7+ Kg6 58. Qe4+ Kf7 59. Qb7+ Kg6
60. Qe4+ Kf7 1/2-1/2

[Event "Nakhchivan Open"]
[Site "Nakhchivan AZE"]
[Date "2015.05.03"]
[EventDate "?"]
[Round "2"]
[Result "0-1"]
[White "Baskaran Adhiban"]
[Black "Giorgi Sibashvili"]
[WhiteElo "2636"]
[BlackElo "2361"]
[PlyCount "78"]

1. Nf3 d5 2. d4 Nf6 3. c4 c6 4. Nc3 dxc4 5. a4 e6 6. e4 Bb4
7. e5 Nd5 8. Bd2 b5 9. axb5 Bxc3 10. bxc3 cxb5 11. Ng5 Nc6
12. Qh5 Qe7 13. Be2 b4 14. O-O bxc3 15. Bc1 Nxd4 16. Bxc4 h6
17. Rd1 Nc2 18. Ra5 Ncb4 19. Ne4 O-O 20. Bg5 f6 21. Nxf6+ Nxf6
22. exf6 Qf7 23. fxg7 Qxh5 24. gxf8=Q+ Kxf8 25. Be7+ Kxe7
26. Rxh5 c2 27. Rc1 Bd7 28. Rh4 a5 29. Kf1 Rd8 30. Bb3 Bb5+
31. Ke1 Nd3+ 32. Kd2 a4 33. Ba2 Nxc1+ 34. Kxc1 Bd3 35. Bc4 Bg6
36. Be2 Rb8 37. Rc4 a3 38. Kd2 a2 39. Ra4 Rb1 0-1

[Event "Nakhchivan Open"]
[Site "Nakhchivan AZE"]
[Date "2015.05.04"]
[EventDate "?"]
[Round "3"]
[Result "1-0"]
[White "Irakli Beradze"]
[Black "Baskaran Adhiban"]
[WhiteElo "2310"]
[BlackElo "2636"]
[PlyCount "91"]

1. Nf3 d5 2. g3 Nf6 3. Bg2 Bf5 4. d3 c6 5. Nbd2 e6 6. Nh4 Bg6
7. Nxg6 hxg6 8. e4 Nbd7 9. Qe2 Qc7 10. c3 O-O-O 11. O-O dxe4
12. Nxe4 Nxe4 13. dxe4 Qe5 14. h4 Qb5 15. Qxb5 cxb5 16. Rd1
Bc5 17. Bf4 e5 18. Bd2 Nb6 19. b3 Rd3 20. Be1 Rxg3 21. b4
Rxg2+ 22. Kxg2 Be7 23. f3 Bxh4 24. Bxh4 Rxh4 25. Rh1 Rh6
26. Rad1 Kc7 27. Rh2 a6 28. Rdh1 Na4 29. Rc1 Nb6 30. Kg3 Kd7
31. Rd1+ Ke7 32. Rhd2 g5 33. Rd8 Rc6 34. R1d3 Rxc3 35. Rxc3
Kxd8 36. Kg4 f6 37. Kf5 Nc4 38. Ke6 b6 39. a4 Kc7 40. axb5
axb5 41. Kf7 Kb7 42. Kxg7 Kc6 43. Kxf6 Kd7 44. Rd3+ Ke8
45. Rd5 g4 46. fxg4 1-0

[Event "Nakhchivan Open"]
[Site "Nakhchivan AZE"]
[Date "2015.05.05"]
[EventDate "?"]
[Round "4"]
[Result "1-0"]
[White "Baskaran Adhiban"]
[Black "Narmin Kazimova"]
[WhiteElo "2636"]
[BlackElo "2259"]
[PlyCount "95"]

1. e4 e5 2. Nf3 Nc6 3. Bb5 a6 4. Ba4 d6 5. O-O Bd7 6. d4 exd4
7. Nxd4 b5 8. Nxc6 Bxc6 9. Bb3 Nf6 10. Nc3 Be7 11. f3 O-O
12. Be3 Re8 13. a3 Bd7 14. Qe2 Qc8 15. Rad1 Be6 16. Bxe6 Qxe6
17. Qf2 Bf8 18. Ne2 g6 19. Bd4 Bg7 20. Nf4 Qc8 21. Rd3 h6
22. Rfd1 Kh7 23. Qd2 a5 24. b3 Nd7 25. Bxg7 Kxg7 26. Nd5 Ra7
27. Qc3+ f6 28. Re1 Ne5 29. f4 b4 30. Qa1 Nd7 31. axb4 c6
32. Nc3 Qc7 33. bxa5 Nc5 34. Rd2 d5 35. exd5 Rxe1+ 36. Qxe1
Qxa5 37. Re2 cxd5 38. Nxd5 Qxe1+ 39. Rxe1 f5 40. Nc3 Rc7
41. Nd5 Rc6 42. Re7+ Kf8 43. Rc7 Rxc7 44. Nxc7 Ke7 45. Kf2 Kd6
46. Nb5+ Kc6 47. Nd4+ Kd5 48. Ke3 1-0

[Event "Nakhchivan Open"]
[Site "Nakhchivan AZE"]
[Date "2015.05.06"]
[EventDate "?"]
[Round "5"]
[Result "0-1"]
[White "Vugar Asadli"]
[Black "Baskaran Adhiban"]
[WhiteElo "2339"]
[BlackElo "2636"]
[PlyCount "102"]

1. e4 e5 2. Nf3 Nc6 3. d4 exd4 4. Nxd4 Bc5 5. Be3 Qf6 6. Nb5
Bxe3 7. fxe3 Qh4+ 8. g3 Qd8 9. Qg4 g6 10. Qf4 d6 11. N1c3 a6
12. Nd4 Ne5 13. Be2 Bh3 14. O-O-O Nf6 15. Qh6 Bg4 16. h3 Bxe2
17. Ndxe2 Qe7 18. Rhf1 O-O-O 19. Qg5 Nd5 20. Qxe7 Nxe7 21. Rf6
h5 22. Nd4 Rde8 23. b3 Ng8 24. Rf2 Nh6 25. Rdf1 c6 26. Rf6 Kd7
27. Kd2 Ke7 28. R6f2 Nd7 29. Nde2 f6 30. Nf4 Rhg8 31. Nd3 Nf7
32. Ke2 Kf8 33. g4 hxg4 34. hxg4 Ng5 35. Rh2 Nxe4 36. Nxe4
Rxe4 37. g5 f5 38. Rh7 Re7 39. Rfh1 Reg7 40. Nf4 Kf7 41. c4
Nf8 42. R7h4 a5 43. e4 fxe4 44. Ke3 Nd7 45. Kxe4 Re8+ 46. Kf3
Re5 47. Kg4 Re3 48. Ng2 Ne5+ 49. Kf4 Re2 50. Ne3 Ke6 51. R1h2
Rf7+ 0-1

[Event "Nakhchivan Open"]
[Site "Nakhchivan AZE"]
[Date "2015.05.07"]
[EventDate "?"]
[Round "6"]
[Result "1-0"]
[White "Baskaran Adhiban"]
[Black "Abdulla Gadimbayli"]
[WhiteElo "2636"]
[BlackElo "2301"]
[PlyCount "55"]

1. e4 e6 2. d4 d5 3. e5 c5 4. c3 Nc6 5. Nf3 Bd7 6. Be2 f6
7. O-O fxe5 8. Nxe5 Bd6 9. Re1 Bxe5 10. dxe5 Nge7 11. Bh5+ g6
12. Bg4 Qc7 13. Bg5 Rf8 14. Qe2 Ng8 15. Qe3 h6 16. Bxh6 Nxh6
17. Qxh6 Nxe5 18. Qg7 Qb6 19. Qxe5 Qxb2 20. Na3 Qxa3 21. Qg5
Qa6 22. Rad1 d4 23. cxd4 Qxa2 24. Qxg6+ Kd8 25. Qg5+ Kc7
26. Qxc5+ Bc6 27. Qe7+ Kb6 28. Rb1+ 1-0

[Event "Nakhchivan Open"]
[Site "Nakhchivan AZE"]
[Date "2015.05.08"]
[EventDate "?"]
[Round "7"]
[Result "0-1"]
[White "Amirreza Pourramezanali"]
[Black "Baskaran Adhiban"]
[WhiteElo "2437"]
[BlackElo "2636"]
[PlyCount "88"]

1. e4 c5 2. c3 Nf6 3. e5 Nd5 4. d4 cxd4 5. Nf3 d6 6. cxd4 Nc6
7. Bc4 dxe5 8. dxe5 Ndb4 9. Qxd8+ Nxd8 10. Na3 Bg4 11. Nd4 a6
12. h3 Bd7 13. O-O e6 14. Be3 Ndc6 15. Nxc6 Bxc6 16. Rac1 Be7
17. Nc2 Nd5 18. Nd4 Nxe3 19. fxe3 Bd7 20. Bd3 Bd8 21. Be4 Rb8
22. Rc3 Ke7 23. Rb3 Bc7 24. Rxb7 Rxb7 25. Bxb7 Rb8 26. Bc6 Bc8
27. Be4 Bd7 28. Bc6 Bc8 29. Be4 Rxb2 30. Rc1 Kd7 31. Rd1 Ke8
32. Rc1 Bb7 33. Bxb7 Rxb7 34. Nf3 Kd7 35. Rc4 Rb1+ 36. Kf2
Rb2+ 37. Kf1 Rxa2 38. Rf4 Ke8 39. Rc4 Bb6 40. Nd4 Kd7 41. Rb4
Kc7 42. Rc4+ Kb7 43. Rb4 a5 44. Rc4 Rb2 0-1

[Event "Nakhchivan Open"]
[Site "Nakhchivan AZE"]
[Date "2015.05.09"]
[EventDate "?"]
[Round "8"]
[Result "1/2-1/2"]
[White "Baskaran Adhiban"]
[Black "Eldar Gasanov"]
[WhiteElo "2636"]
[BlackElo "2494"]
[PlyCount "117"]

1. e4 e5 2. Nf3 Nc6 3. Bb5 a6 4. Ba4 Nf6 5. O-O Be7 6. Re1 b5
7. Bb3 d6 8. c3 O-O 9. h3 Na5 10. Bc2 c5 11. d4 Qc7 12. d5 Nc4
13. b3 Nb6 14. Nbd2 c4 15. b4 a5 16. Ba3 axb4 17. Bxb4 Na4
18. Nf1 Ne8 19. g4 g6 20. Ng3 f6 21. Kh2 Ng7 22. Rg1 Bd7
23. Rg2 Nc5 24. Ne2 Rf7 25. Nd2 Kh8 26. f4 exf4 27. Nxf4 Na6
28. a4 Nxb4 29. cxb4 bxa4 30. Nf3 a3 31. Qc1 Qa7 32. e5 dxe5
33. Nxg6+ hxg6 34. Bxg6 Kg8 35. g5 e4 36. gxf6 Bd6+ 37. Kh1
Rxf6 38. Qh6 Rxg6 39. Rxg6 Bf5 40. Ng5 Bxg6 41. Qxg6 Qf2
42. Qh7+ Kf8 43. Qh8+ Ke7 44. Qxg7+ Ke8 45. Qg6+ Kd7 46. Qe6+
Kc7 47. Qxd6+ Kxd6 48. Nxe4+ Kxd5 49. Nxf2 Kd4 50. b5 c3
51. Ra2 Kc4 52. Nd1 Kb3 53. Ra1 a2 54. b6 c2 55. Ne3 c1=Q+
56. Rxc1 a1=Q 57. Rxa1 Rxa1+ 58. Kg2 Ra8 59. Kf3 1/2-1/2

[Event "Nakhchivan Open"]
[Site "Nakhchivan AZE"]
[Date "2015.05.10"]
[EventDate "?"]
[Round "9"]
[Result "0-1"]
[White "Ulvi Bajarani"]
[Black "Baskaran Adhiban"]
[WhiteElo "2504"]
[BlackElo "2636"]
[PlyCount "140"]

1. c4 Nf6 2. Nc3 g6 3. e4 d6 4. d4 Bg7 5. f4 O-O 6. Nf3 c5
7. d5 a6 8. a4 e5 9. fxe5 Ng4 10. Bf4 Re8 11. Qd2 Nxe5
12. Nxe5 Bxe5 13. Bxe5 Rxe5 14. h4 Bg4 15. Qf4 h5 16. Be2 Bxe2
17. Kxe2 Nd7 18. Raf1 Qe7 19. Kd1 Kg7 20. Rh3 f5 21. Rhf3 Rf8
22. exf5 Rfxf5 23. Qg3 Rxf3 24. gxf3 Re3 25. Re1 Nb6 26. b3
Nc8 27. Kd2 Rxe1 28. Qxe1 Qxe1+ 29. Kxe1 Ne7 30. f4 Nf5
31. Ne4 Kf8 32. Kf2 Ke7 33. Ng3 Nxh4 34. a5 Kf6 35. Ne4+ Ke7
36. Ng3 Kf8 37. Ke2 Kg7 38. Kf2 Kg8 39. Ke2 Kf7 40. Kf2 Ke7
41. Ke3 Ng2+ 42. Ke4 Kf6 43. Kf3 Nh4+ 44. Ke4 Kg7 45. Ke3 Kf7
46. Kf2 Ke7 47. Ke3 Ng2+ 48. Ke4 h4 49. Nh1 h3 50. f5 gxf5+
51. Kxf5 Ne3+ 52. Ke4 Ng4 53. Ng3 Ne5 54. Nf1 Kf6 55. Kf4 h2
56. Nxh2 Nd3+ 57. Ke4 Nc1 58. b4 cxb4 59. Ng4+ Ke7 60. Ne3 Nb3
61. Nc2 Nxa5 62. Kd3 b3 63. Na3 Kf6 64. Kc3 Ke5 65. Nb1 b6
66. Nd2 b2 67. Nf3+ Kf4 68. Nd2 Ke3 69. Nb1 Ke2 70. Kxb2 Kd3
0-1

[Event "World Cup"]
[Site "Fairmont Hotel, Baku AZE"]
[Date "2015.09.13"]
[EventDate "2015.09.11"]
[Round "1.4"]
[Result "1/2-1/2"]
[White "Baskaran Adhiban"]
[Black "Vladimir Fedoseev"]
[WhiteElo "2674"]
[BlackElo "2659"]
[PlyCount "70"]

1. d4 Nf6 2. c4 e6 3. Nf3 b6 4. g3 Ba6 5. b3 Bb4+ 6. Bd2 Be7
7. Nc3 c6 8. e4 d5 9. Bd3 dxe4 10. Nxe4 Nbd7 11. Qc2 c5
12. O-O-O cxd4 13. Nxd4 Nc5 14. Nxc5 Bxc5 15. Ne2 Bb7 16. Rhf1
Bg2 17. Rg1 Bf3 18. Bc3 Qe7 19. g4 Bxf2 20. g5 Ng4 21. Be4 Ne3
22. Bxa8 Bxa8 23. Qd2 Nf5 24. Kb2 Bxg1 25. Rxg1 O-O 26. Rd1
Qc7 27. Nf4 Bf3 28. Re1 Rd8 29. Qc1 Qc5 30. Ka1 a5 31. a4 Nd4
32. Qb2 e5 33. Nd5 Bxd5 34. Rxe5 Nxb3+ 35. Qxb3 Qxc4 1/2-1/2

[Event "World Rapid Championship"]
[Site "Berlin GER"]
[Date "2015.10.10"]
[EventDate "2015.10.10"]
[Round "2.56"]
[Result "1-0"]
[White "Baskaran Adhiban"]
[Black "Christian Seel"]
[WhiteElo "2674"]
[BlackElo "2474"]
[PlyCount "65"]

1. e4 e5 2. Nc3 Nf6 3. g3 d5 4. exd5 Nxd5 5. Bg2 Nxc3 6. bxc3
Bc5 7. Nf3 Nc6 8. O-O O-O 9. Re1 Re8 10. d4 exd4 11. Rxe8+
Qxe8 12. cxd4 Bb6 13. c4 Bg4 14. c5 Ba5 15. d5 Ne5 16. Bb2
Nxf3+ 17. Bxf3 Bxf3 18. Qxf3 Qb5 19. Bd4 Qc4 20. Rd1 Bb4
21. d6 cxd6 22. Qxb7 Rf8 23. c6 Qc2 24. Rf1 a5 25. c7 h5
26. Be3 Ba3 27. Bg5 f6 28. Be3 Kh7 29. Bd4 Qc4 30. Bxf6 Bc5
31. c8=Q Rxf6 32. Qcc6 d5 33. Qxf6 1-0

[Event "World Rapid Championship"]
[Site "Berlin GER"]
[Date "2015.10.10"]
[EventDate "2015.10.10"]
[Round "3.54"]
[Result "0-1"]
[White "Jacob Carstensen"]
[Black "Baskaran Adhiban"]
[WhiteElo "2352"]
[BlackElo "2674"]
[PlyCount "72"]

1. d4 Nf6 2. c4 c5 3. d5 g6 4. Nc3 Bg7 5. e4 O-O 6. Nf3 e6
7. Bd3 exd5 8. cxd5 d6 9. O-O Bg4 10. h3 Bxf3 11. Qxf3 Nbd7
12. Bf4 Ne8 13. Qg3 Qe7 14. Rfe1 a6 15. a4 Rb8 16. a5 Ne5
17. Bf1 h6 18. Bxe5 Bxe5 19. f4 Bd4+ 20. Kh1 Nf6 21. Qf3 b5
22. axb6 Rxb6 23. Rxa6 Rxb2 24. Nd1 Rd2 25. e5 Nh5 26. Ra3 Rb8
27. e6 f5 28. g4 Qh4 29. Rae3 Bxe3 30. Qxe3 Ng3+ 31. Kg1 Ne4
32. Bg2 Rd4 33. g5 hxg5 34. fxg5 Qxg5 35. Qa3 Rd2 36. Ne3 Rbb2
0-1